[Event "HUN-chT2 Barcza 1011"]
[Site "Hungary"]
[Date "2010.09.12"]
[Round "1.2"]
[White "Borsavolgyi, Tamas"]
[Black "Prokopisin, Vasily"]
[Result "0-1"]
[WhiteElo "2265"]
[BlackElo "2317"]
[PlyCount "72"]
[EventDate "2010.09.12"]
[EventType "team-tourn"]
[EventRounds "11"]
[EventCountry "HUN"]
[SourceTitle "EXT 2012"]
[Source "ChessBase"]
[SourceDate "2011.11.24"]
[SourceVersion "1"]
[SourceVersionDate "2011.11.24"]
[SourceQuality "1"]
[WhiteTeam "Hajduszoboszlo"]
[BlackTeam "Tiszavasvar"]
[WhiteTeamCountry "HUN"]
[BlackTeamCountry "HUN"]

1. e4 c5 2. Nf3 e6 3. d4 cxd4 4. Nxd4 Nf6 5. Bd3 Nc6 6. Be3 d5 7. Nxc6 bxc6 8. Nd2 Be7 9. 0-0 0-0 10. c4 d4 11. Bg5 Nd7 12. Bxe7 Qxe7 13. f4 e5 14. f5 a5 15. Rf3 Rb8 16. b3 a4 17. bxa4 Ba6 18. Nb3 Qb4 19. Rg3 f6 20. a5 Nc5 21. Rc1 Nxb3 22. axb3 Qxb3 23. Bc2 Qb4 24. c5 Bc4 25. Ba4 Qxc5 26. Rxc4 Qxc4 27. Bb3 Rxb3 28. Rxb3 Qa4 29. Qb1 Qxa5 30. Rb8 Qc7 31. Qb3+ Qf7 32. Rxf8+ Kxf8 33. Qb8+ Qe8 34. Qd6+ Kg8 35. g4 h6 36. h4 Kh7 0-1

[Event "HUN-chT 0506"]
[Site "Hungary"]
[Date "2006.02.26"]
[Round "8"]
[White "Tatar Kis, Szabolcs"]
[Black "Prokopisin, Vasily"]
[Result "1/2-1/2"]
[WhiteElo "2411"]
[BlackElo "2319"]
[PlyCount "31"]
[EventDate "2005.10.16"]
[EventType "team"]
[EventRounds "11"]
[EventCountry "HUN"]
[SourceTitle "EXT 2007"]
[Source "ChessBase"]
[SourceDate "2006.11.23"]
[SourceVersion "1"]
[SourceVersionDate "2006.11.23"]
[SourceQuality "1"]

1. e4 c5 2. Nf3 e6 3. Nc3 a6 4. d4 cxd4 5. Nxd4 b5 6. Bd3 Qb6 7. Nf3 d6 8. 0-0 Nd7 9. a4 b4 10. a5 Qc7 11. Na2 Qxa5 12. Bd2 Ngf6 13. Nxb4 Qb6 14. Qe1 Be7 15. Be3 Nc5 16. e5 1/2-1/2

[Event "HUN-chT 0506"]
[Site "Hungary"]
[Date "2006.02.12"]
[Round "7"]
[White "Prokopisin, Vasily"]
[Black "Horvath, Adam"]
[Result "0-1"]
[WhiteElo "2319"]
[BlackElo "2532"]
[PlyCount "58"]
[EventDate "2005.10.16"]
[EventType "team"]
[EventRounds "11"]
[EventCountry "HUN"]
[SourceTitle "EXT 2007"]
[Source "ChessBase"]
[SourceDate "2006.11.23"]
[SourceVersion "1"]
[SourceVersionDate "2006.11.23"]
[SourceQuality "1"]

1. d4 Nf6 2. Nf3 e6 3. g3 d5 4. c4 dxc4 5. Qa4+ Nbd7 6. Qxc4 a6 7. Qc2 b5 8. Bg2 Bb7 9. 0-0 c5 10. Bg5 Qb6 11. Bxf6 Nxf6 12. dxc5 Bxc5 13. Nc3 Rc8 14. e3 0-0 15. Qe2 Bb4 16. Nb1 Rfd8 17. a3 Be7 18. Nc3 Ne8 19. Rfd1 Nd6 20. e4 Nc4 21. Rxd8+ Rxd8 22. a4 Qa5 23. Ra2 Qb4 24. axb5 axb5 25. Ra7 Rd7 26. Bf1 Qc5 27. Nxb5 Nd6 28. Qe3 Nxb5 29. Qxc5 Bxc5 0-1

[Event "HUN-chT 0506"]
[Site "Hungary"]
[Date "2006.01.22"]
[Round "6"]
[White "Prokopisin, Vasily"]
[Black "Farago, Ivan"]
[Result "0-1"]
[WhiteElo "2319"]
[BlackElo "2526"]
[PlyCount "64"]
[EventDate "2005.10.16"]
[EventType "team"]
[EventRounds "11"]
[EventCountry "HUN"]
[SourceTitle "EXT 2007"]
[Source "ChessBase"]
[SourceDate "2006.11.23"]
[SourceVersion "1"]
[SourceVersionDate "2006.11.23"]
[SourceQuality "1"]

1. Nf3 Nf6 2. c4 c5 3. Nc3 Nc6 4. d4 cxd4 5. Nxd4 e6 6. g3 Qb6 7. Nc2 Ne5 8. e4 Bc5 9. Qe2 d6 10. h3 0-0 11. b3 Nc6 12. Be3 Qa5 13. Bd2 Nb4 14. Nxb4 Bxb4 15. Rc1 d5 16. e5 d4 17. exf6 dxc3 18. Be3 c2+ 19. Bd2 Rd8 20. Rxc2 Rxd2 21. Rxd2 Bd7 22. Qe3 Bc6 23. Rh2 Rd8 24. f4 Qxa2 25. Bd3 Qa1+ 26. Ke2 Bxd2 27. Qxd2 Be4 28. Bxe4 Rxd2+ 29. Kxd2 Qd4+ 30. Bd3 Qg1 31. Re2 Qxg3 32. fxg7 Qxf4+ 0-1

[Event "Miskolc Avas op"]
[Site "Miskolc"]
[Date "2005.08.19"]
[Round "3"]
[White "Prokopisin, Vasily"]
[Black "Videki, Sandor"]
[Result "0-1"]
[WhiteElo "2318"]
[BlackElo "2394"]
[PlyCount "107"]
[EventDate "2005.08.18"]
[EventType "swiss"]
[EventRounds "7"]
[EventCountry "HUN"]
[SourceTitle "EXT 2008"]
[Source "ChessBase"]
[SourceDate "2007.11.25"]
[SourceVersion "1"]
[SourceVersionDate "2007.11.25"]
[SourceQuality "1"]

1. d4 d5 2. Nf3 c6 3. e3 Nf6 4. c4 Bg4 5. Nc3 e6 6. h3 Bxf3 7. Qxf3 Nbd7 8. Qd1 Bd6 9. Be2 0-0 10. 0-0 Qe7 11. Qb3 Rab8 12. Re1 dxc4 13. Qxc4 e5 14. dxe5 Nxe5 15. Qa4 b5 16. Qc2 Ng6 17. Bf3 Nh4 18. Bd1 b4 19. Ne2 c5 20. Qc4 Nd7 21. Nf4 Nb6 22. Qe2 Bxf4 23. exf4 Qxe2 24. Bxe2 Nf5 25. Be3 Nxe3 26. fxe3 Rfd8 27. Red1 Na4 28. Rxd8+ Rxd8 29. Rc1 Rb8 30. Rc2 Kf8 31. Bc4 Nb6 32. Ba6 Na4 33. Bc4 Rc8 34. Kf2 Nb6 35. e4 Ke7 36. Ke3 a5 37. b3 a4 38. e5 axb3 39. axb3 Nxc4+ 40. Rxc4 Kd7 41. Rc2 Kc6 42. Rd2 Ra8 43. Rd6+ Kb5 44. Rd7 Ra3 45. Rxf7 Rxb3+ 46. Kf2 Rb2+ 47. Kf3 Rb3+ 48. Kf2 Ra3 49. Rxg7 b3 50. Rb7+ Kc6 51. Rb8 Kd5 52. Rd8+ Ke4 53. e6 Ra7 54. f5 0-1

[Event "Nyiregyhaza op"]
[Site "Nyiregyhaza"]
[Date "2005.07.17"]
[Round "9"]
[White "Prokopisin, Vasily"]
[Black "Dovzik, Juri"]
[Result "1/2-1/2"]
[WhiteElo "2318"]
[BlackElo "2416"]
[PlyCount "20"]
[EventDate "2005.07.09"]
[EventType "swiss"]
[EventRounds "9"]
[EventCountry "HUN"]
[SourceTitle "EXT 2008"]
[Source "ChessBase"]
[SourceDate "2007.11.25"]
[SourceVersion "1"]
[SourceVersionDate "2007.11.25"]
[SourceQuality "1"]

1. e4 Nf6 2. e5 Nd5 3. d4 d6 4. Nf3 Bg4 5. Bc4 c6 6. h3 Bxf3 7. Qxf3 e6 8. 0-0 Nd7 9. Qg3 g6 10. Bg5 Qc7 1/2-1/2

[Event "Nyiregyhaza op"]
[Site "Nyiregyhaza"]
[Date "2005.07.15"]
[Round "7"]
[White "Prokopisin, Vasily"]
[Black "Bokros, Albert"]
[Result "1/2-1/2"]
[WhiteElo "2318"]
[BlackElo "2446"]
[PlyCount "20"]
[EventDate "2005.07.09"]
[EventType "swiss"]
[EventRounds "9"]
[EventCountry "HUN"]
[SourceTitle "EXT 2008"]
[Source "ChessBase"]
[SourceDate "2007.11.25"]
[SourceVersion "1"]
[SourceVersionDate "2007.11.25"]
[SourceQuality "1"]

1. Nf3 d5 2. d4 Nf6 3. c4 e6 4. Bg5 Bb4+ 5. Nc3 h6 6. Bxf6 Qxf6 7. Qb3 c5 8. cxd5 exd5 9. dxc5 Nc6 10. e3 Be6 1/2-1/2

[Event "HUN-chT 0405"]
[Site "Hungary"]
[Date "2005.02.20"]
[Round "8"]
[White "Prokopisin, Vasily"]
[Black "Gyurkovics, Miklos"]
[Result "1-0"]
[WhiteElo "2361"]
[BlackElo "2206"]
[PlyCount "101"]
[EventDate "2004.09.26"]
[EventType "team-tourn"]
[EventRounds "11"]
[EventCountry "HUN"]
[SourceTitle "EXT 2011"]
[Source "ChessBase"]
[SourceDate "2010.11.26"]
[SourceVersion "1"]
[SourceVersionDate "2010.11.26"]
[SourceQuality "1"]
[WhiteTeam "Piremon"]
[BlackTeam "Vasas"]
[WhiteTeamCountry "HUN"]
[BlackTeamCountry "HUN"]

1. Nf3 d6 2. d4 Bg4 3. c4 g6 4. Qb3 Qc8 5. h3 Bxf3 6. Qxf3 Bg7 7. e3 c5 8. Qd1 Nf6 9. d5 0-0 10. Nc3 e5 11. e4 a6 12. Be2 Nbd7 13. Be3 Qc7 14. Qd2 Rfb8 15. a4 b6 16. 0-0 Qd8 17. Bg5 Qf8 18. Ra3 h6 19. Be3 Kh7 20. g3 Qe7 21. Rfa1 Ng8 22. Qc2 Kh8 23. Kg2 Rf8 24. Bd3 Qd8 25. a5 Ne7 26. f3 f5 27. Bd2 Nf6 28. axb6 Qxb6 29. Nb5 fxe4 30. fxe4 Ne8 31. Nc3 Qb7 32. Qb3 Qc8 33. Ra5 Nc7 34. R5a2 Rb8 35. Qc2 Rf7 36. Rf1 Rxf1 37. Bxf1 Qd7 38. Qa4 Qxa4 39. Nxa4 Rb3 40. Bc3 h5 41. Nxc5 dxc5 42. d6 Rb6 43. dxc7 Rc6 44. Ba5 Kg8 45. Ra3 Kf7 46. h4 Bh6 47. Kf2 Bd2 48. Bxd2 Rxc7 49. Rxa6 Nc6 50. Ba5 Nxa5 51. Rxa5 1-0

[Event "HUN-chT 0405"]
[Site "Hungary"]
[Date "2005.01.23"]
[Round "6"]
[White "Prokopisin, Vasily"]
[Black "Groszpeter, Attila"]
[Result "1/2-1/2"]
[WhiteElo "2361"]
[BlackElo "2505"]
[PlyCount "46"]
[EventDate "2004.09.26"]
[EventType "team-tourn"]
[EventRounds "11"]
[EventCountry "HUN"]
[SourceTitle "EXT 2011"]
[Source "ChessBase"]
[SourceDate "2010.11.26"]
[SourceVersion "1"]
[SourceVersionDate "2010.11.26"]
[SourceQuality "1"]
[WhiteTeam "Piremon"]
[BlackTeam "Csuti Hydro"]
[WhiteTeamCountry "HUN"]
[BlackTeamCountry "HUN"]

1. d4 Nf6 2. Nf3 e6 3. g3 b5 4. Bg2 Bb7 5. 0-0 c5 6. dxc5 Bxc5 7. Nbd2 0-0 8. Nb3 Be7 9. c3 d6 10. Qd3 a6 11. Rd1 Nbd7 12. Nfd4 Bxg2 13. Kxg2 Qc7 14. Nf3 Rfd8 15. Bg5 Nb6 16. Nbd2 h6 17. Bxf6 Bxf6 18. e4 Nc4 19. Rab1 Rac8 20. Qe2 Qa5 21. a3 Qb6 22. Nxc4 bxc4 23. Rbc1 Qc7 1/2-1/2

[Event "HUN-chT 0405"]
[Site "Hungary"]
[Date "2004.12.05"]
[Round "4"]
[White "Toth, Andras"]
[Black "Prokopisin, Vasily"]
[Result "1/2-1/2"]
[WhiteElo "2429"]
[BlackElo "2361"]
[PlyCount "45"]
[EventDate "2004.09.26"]
[EventType "team-tourn"]
[EventRounds "11"]
[EventCountry "HUN"]
[SourceTitle "EXT 2011"]
[Source "ChessBase"]
[SourceDate "2010.11.26"]
[SourceVersion "1"]
[SourceVersionDate "2010.11.26"]
[SourceQuality "1"]
[WhiteTeam "Paks"]
[BlackTeam "Piremon"]
[WhiteTeamCountry "HUN"]
[BlackTeamCountry "HUN"]

1. e4 c5 2. Nf3 e6 3. Nc3 a6 4. d4 cxd4 5. Nxd4 b5 6. Bd3 Bb7 7. 0-0 Qc7 8. a3 Nf6 9. Qe2 d6 10. Kh1 Nbd7 11. f4 Be7 12. Bd2 0-0 13. Rae1 Nc5 14. Rf3 Rfe8 15. Rh3 Nxd3 16. cxd3 Nd7 17. Qh5 Nf8 18. Nf3 g6 19. Qh6 Bf6 20. f5 exf5 21. exf5 Rxe1+ 22. Bxe1 Re8 23. Qd2 1/2-1/2

[Event "Miskolc Avas op"]
[Site "Miskolc"]
[Date "2004.08.20"]
[Round "6"]
[White "Acs, Gabor"]
[Black "Prokopisin, Vasily"]
[Result "1/2-1/2"]
[WhiteElo "2222"]
[BlackElo "2237"]
[PlyCount "76"]
[EventDate "2004.08.17"]
[EventType "swiss"]
[EventRounds "9"]
[EventCountry "HUN"]
[SourceTitle "EXT 2008"]
[Source "ChessBase"]
[SourceDate "2007.11.25"]
[SourceVersion "1"]
[SourceVersionDate "2007.11.25"]
[SourceQuality "1"]

1. e4 c5 2. c3 d6 3. d4 Qc7 4. h3 g6 5. Nf3 Bg7 6. Be3 b6 7. Bb5+ Bd7 8. Qa4 a6 9. Bxd7+ Nxd7 10. Nbd2 b5 11. Qd1 e5 12. 0-0 Ne7 13. a4 0-0 14. Qe2 Qb7 15. axb5 axb5 16. Rfd1 h6 17. dxc5 dxc5 18. Nb3 c4 19. Nc5 Nxc5 20. Bxc5 Rfe8 21. Rxa8 Qxa8 22. Rd7 Bf6 23. Qd2 Qxe4 24. Rxe7 Bxe7 25. Bxe7 Qd3 26. Qxd3 cxd3 27. Bc5 e4 28. Nd2 f5 29. g3 Kf7 30. Kg2 Ke6 31. Be3 h5 32. b3 Rc8 33. c4 bxc4 34. bxc4 Ke5 35. f4+ Ke6 36. Kf2 Rb8 37. Bd4 Ra8 38. Ke3 Ra2 1/2-1/2

[Event "Gyongyos Matra Cup"]
[Site "Gyongyos"]
[Date "2004.08.02"]
[Round "6"]
[White "Prokopisin, Vasily"]
[Black "Csatlos, Bela"]
[Result "1-0"]
[WhiteElo "2361"]
[BlackElo "1943"]
[PlyCount "89"]
[EventDate "2004.07.27"]
[EventType "swiss"]
[EventRounds "9"]
[EventCountry "HUN"]
[SourceTitle "EXT 2008"]
[Source "ChessBase"]
[SourceDate "2007.11.25"]
[SourceVersion "1"]
[SourceVersionDate "2007.11.25"]
[SourceQuality "1"]

1. Nf3 Nf6 2. c4 e6 3. g3 Be7 4. b3 d5 5. Bb2 c5 6. Bg2 b6 7. cxd5 exd5 8. 0-0 Bb7 9. d4 0-0 10. Nc3 Nc6 11. dxc5 bxc5 12. Nh4 Na5 13. Nf5 d4 14. Bxb7 Nxb7 15. Na4 Qd7 16. Nxe7+ Qxe7 17. Ba3 Qe5 18. Qd3 Rfe8 19. Qf3 Ne4 20. Rad1 Nbd6 21. Qd3 Re6 22. Bc1 Rae8 23. Bf4 Qh5 24. Qf3 Qh3 25. e3 Nf5 26. exd4 Nxd4 27. Qg2 Qf5 28. Be3 Nf3+ 29. Kh1 g5 30. g4 Qf6 31. Nxc5 Nxc5 32. Bxc5 Re4 33. Rd6 Qf4 34. Qg3 Qxg4 35. Rf6 Ne5 36. Qxg4 Nxg4 37. Rf5 h6 38. f3 Nxh2 39. Kxh2 Re2+ 40. Rf2 Rxf2+ 41. Bxf2 Re2 42. Kg3 Rxa2 43. Bd4 Ra6 44. Kg4 Ra2 45. Rb5 1-0

[Event "Gyongyos Matra Cup"]
[Site "Gyongyos"]
[Date "2004.08.01"]
[Round "5"]
[White "Hujbert, Florian"]
[Black "Prokopisin, Vasily"]
[Result "1-0"]
[WhiteElo "2019"]
[BlackElo "2361"]
[PlyCount "41"]
[EventDate "2004.07.27"]
[EventType "swiss"]
[EventRounds "9"]
[EventCountry "HUN"]
[SourceTitle "EXT 2008"]
[Source "ChessBase"]
[SourceDate "2007.11.25"]
[SourceVersion "1"]
[SourceVersionDate "2007.11.25"]
[SourceQuality "1"]

1. e4 c5 2. Nf3 e6 3. d4 cxd4 4. Nxd4 Nf6 5. Nc3 Nc6 6. Ndb5 Bb4 7. Nd6+ Ke7 8. Nxc8+ Rxc8 9. Bd3 d5 10. exd5 Nxd5 11. 0-0 Nxc3 12. bxc3 Bxc3 13. Rb1 b6 14. Ba3+ Ke8 15. Ba6 Rc7 16. Qxd8+ Nxd8 17. Bd6 Kd7 18. Rfd1 Rc6 19. Bb5 Kc8 20. Be7 Rc7 21. Bxd8 1-0

[Event "Gyongyos Matra Cup"]
[Site "Gyongyos"]
[Date "2004.07.29"]
[Round "3"]
[White "Antal, Attila"]
[Black "Prokopisin, Vasily"]
[Result "1-0"]
[WhiteElo "2075"]
[BlackElo "2361"]
[PlyCount "69"]
[EventDate "2004.07.27"]
[EventType "swiss"]
[EventRounds "9"]
[EventCountry "HUN"]
[SourceTitle "EXT 2008"]
[Source "ChessBase"]
[SourceDate "2007.11.25"]
[SourceVersion "1"]
[SourceVersionDate "2007.11.25"]
[SourceQuality "1"]

1. e4 c5 2. Nf3 e6 3. Nc3 Nc6 4. Bb5 Qc7 5. Bxc6 Qxc6 6. d4 cxd4 7. Qxd4 a6 8. Bg5 f6 9. Be3 b5 10. a3 Bb7 11. e5 f5 12. 0-0-0 Rc8 13. Qd3 Ne7 14. Bc5 Nd5 15. Bxf8 Nxc3 16. bxc3 Rxf8 17. Kb2 Rc7 18. Nd4 Qe4 19. Nxe6 Qxd3 20. Nxc7+ Kd8 21. cxd3 Kxc7 22. f3 Bd5 23. c4 bxc4 24. dxc4 Bc6 25. Kc3 a5 26. Rhe1 Re8 27. c5 a4 28. Rd6 Rb8 29. e6 Rb3+ 30. Kc2 dxe6 31. Rexe6 Bb5 32. Re7+ Kc8 33. c6 Rxa3 34. c7 Kb7 35. Rd8 1-0

[Event "Gyongyos Matra Cup"]
[Site "Gyongyos"]
[Date "2004.07.27"]
[Round "1"]
[White "Toth, Daniel"]
[Black "Prokopisin, Vasily"]
[Result "1-0"]
[WhiteElo "2068"]
[BlackElo "2361"]
[PlyCount "83"]
[EventDate "2004.07.27"]
[EventType "swiss"]
[EventRounds "9"]
[EventCountry "HUN"]
[SourceTitle "EXT 2008"]
[Source "ChessBase"]
[SourceDate "2007.11.25"]
[SourceVersion "1"]
[SourceVersionDate "2007.11.25"]
[SourceQuality "1"]

1. d4 d5 2. c4 e6 3. Nc3 c5 4. cxd5 exd5 5. Nf3 Nc6 6. g3 Nf6 7. Bg2 Be7 8. 0-0 0-0 9. dxc5 Bxc5 10. b3 Be6 11. Bb2 Ne4 12. Na4 Be7 13. Rc1 Qa5 14. a3 Rac8 15. b4 Qa6 16. e3 b5 17. Nc5 Nxc5 18. bxc5 Na5 19. Ne5 Rfd8 20. Bd4 Nc4 21. Nd3 Qa5 22. Ra1 Bf8 23. g4 Nd2 24. Re1 Ne4 25. Qc2 Qc7 26. Rac1 Qe7 27. f3 Nf6 28. Qb2 a6 29. Bh3 Ne8 30. f4 Qh4 31. Qg2 h5 32. f5 hxg4 33. fxe6 gxh3 34. exf7+ Kxf7 35. Qf3+ Kg8 36. Rf1 Nc7 37. Qf7+ Kh8 38. Nf4 Qg4+ 39. Kf2 Qd7 40. Qh5+ Kg8 41. Ng6 Qe6 42. Ke2 1-0

[Event "Nyiregyhaza op"]
[Site "Nyiregyhaza"]
[Date "2004.07.17"]
[Round "8"]
[White "Prokopisin, Vasily"]
[Black "Donka, Peter"]
[Result "0-1"]
[WhiteElo "2361"]
[BlackElo "2248"]
[PlyCount "74"]
[EventDate "2004.07.10"]
[EventType "swiss"]
[EventRounds "9"]
[EventCountry "HUN"]
[SourceTitle "EXT 2008"]
[Source "ChessBase"]
[SourceDate "2007.11.25"]
[SourceVersion "1"]
[SourceVersionDate "2007.11.25"]
[SourceQuality "1"]

1. Nf3 d5 2. c4 dxc4 3. Qa4+ Nd7 4. Qxc4 a6 5. d4 e6 6. Bf4 c5 7. dxc5 Bxc5 8. Nbd2 Ngf6 9. Nb3 b5 10. Qc2 Bb4+ 11. Bd2 Bxd2+ 12. Nbxd2 Bb7 13. g3 0-0 14. Bg2 Rc8 15. Qd1 Nb6 16. Rc1 Qe7 17. 0-0 Na4 18. Rxc8 Rxc8 19. Qb1 Qb4 20. Nb3 Be4 21. Qa1 h6 22. Rc1 Rd8 23. e3 Qd6 24. Nbd2 Bd5 25. b3 Nc5 26. Qc3 Nce4 27. Nxe4 Bxe4 28. h3 Qd5 29. Ne1 Bxg2 30. Nxg2 Ne4 31. Qc7 e5 32. h4 b4 33. Re1 Nd2 34. e4 Nf3+ 35. Kh1 Qd2 36. Rf1 Qd3 37. Qc4 Qd7 0-1

[Event "Nyiregyhaza op"]
[Site "Nyiregyhaza"]
[Date "2003.07.09"]
[Round "5"]
[White "Prokopisin, Vasily"]
[Black "Sikula, Vaszilij"]
[Result "0-1"]
[WhiteElo "2361"]
[BlackElo "2419"]
[PlyCount "140"]
[EventDate "2003.07.05"]
[EventType "swiss"]
[EventRounds "9"]
[EventCountry "HUN"]
[SourceTitle "EXT 2005"]
[Source "ChessBase"]
[SourceDate "2004.11.15"]
[SourceVersion "1"]
[SourceVersionDate "2004.11.15"]
[SourceQuality "1"]

1. Nf3 Nf6 2. d4 g6 3. c4 Bg7 4. Nc3 0-0 5. e4 d6 6. Be2 e5 7. 0-0 Nc6 8. d5 Ne7 9. Ne1 Nd7 10. Be3 f5 11. f3 f4 12. Bf2 g5 13. Rc1 Rf6 14. Nd3 Rh6 15. g4 fxg3 16. hxg3 Nf8 17. c5 Neg6 18. cxd6 cxd6 19. g4 a6 20. a4 Qf6 21. Qd2 Nf4 22. Nxf4 gxf4 23. a5 Rh3 24. Kg2 Qh6 25. Rg1 Bxg4 26. Kf1 Bxf3 27. Bxf3 Rxf3 28. Qe2 Qh3+ 29. Ke1 Rc8 30. Kd2 Ng6 31. Rh1 Qg2 32. Rcf1 Rh3 33. Rfg1 Qxh1 34. Rxh1 Rxh1 35. Qg4 Rf8 36. Qe6+ Rf7 37. Qxd6 Rh2 38. Qd8+ Nf8 39. Nd1 Bf6 40. Qb6 h5 41. Kd3 h4 42. Bc5 Nd7 43. Qc7 h3 44. Nf2 Kg7 45. Ba7 f3 46. Qc1 Kg6 47. Qf1 Bh4 48. Ng4 Rg2 49. Ne3 Bf2 50. Nf5 Bxa7 51. Qxf3 Nc5+ 52. Kc4 Rg5 53. Nh4+ Kg7 54. Nf5+ Rfxf5 55. exf5 h2 56. Qh3 Rxf5 57. Qxh2 Rf4+ 58. Kc3 Ne4+ 59. Kb3 Rf3+ 60. Ka2 Nc3+ 61. Kb3 Nxd5+ 62. Kc4 Ne3+ 63. Kb4 Rf4+ 64. Kb3 Bc5 65. Qg3+ Kf7 66. Qg5 Nf5 67. Qd8 Ne7 68. Qc7 Rb4+ 69. Kc3 Rb5 70. Kc4 Ke6 0-1

[Event "Nyiregyhaza op"]
[Site "Nyiregyhaza"]
[Date "2003.07.08"]
[Round "4"]
[White "Krivolapov, Konstantin"]
[Black "Prokopisin, Vasily"]
[Result "1/2-1/2"]
[WhiteElo "2365"]
[BlackElo "2361"]
[PlyCount "27"]
[EventDate "2003.07.05"]
[EventType "swiss"]
[EventRounds "9"]
[EventCountry "HUN"]
[SourceTitle "EXT 2005"]
[Source "ChessBase"]
[SourceDate "2004.11.15"]
[SourceVersion "1"]
[SourceVersionDate "2004.11.15"]
[SourceQuality "1"]

1. d4 d5 2. c4 c6 3. cxd5 cxd5 4. Nc3 Nf6 5. Nf3 Nc6 6. Bf4 a6 7. e3 Bg4 8. Be2 e6 9. Ne5 Bxe2 10. Qxe2 Nxe5 11. Bxe5 Bd6 12. Bxd6 Qxd6 13. 0-0 0-0 14. Rfc1 1/2-1/2